Ending the U.S. War in Iraq (Record no. 352005)
[ view plain ]
| 000 -LEADER | |
|---|---|
| fixed length control field | 00752nam a2200133Ia 4500 |
| 008 - FIXED-LENGTH DATA ELEMENTS--GENERAL INFORMATION | |
| fixed length control field | 171212s9999 xx 000 0 und d |
| 020 ## - INTERNATIONAL STANDARD BOOK NUMBER | |
| International Standard Book Number | 9780833080479 |
| 100 ## - MAIN ENTRY--PERSONAL NAME | |
| Personal name | Brennan, Richard R. Jr.;Ries, Charles P.;Hanauer, Larry;Connable, Ben;Kelly, Terrence K. |
| 245 ## - TITLE STATEMENT | |
| Statement of responsibility, etc | Brennan, Richard R. Jr.;Ries, Charles P.;Hanauer, Larry;Connable, Ben;Kelly, Terrence K. |
| Title | Ending the U.S. War in Iraq |
| Remainder of title | The Final Transition, Operational Maneuver, and Disestablishment of United States Forces-Iraq |
| 260 ## - PUBLICATION, DISTRIBUTION, ETC. (IMPRINT) | |
| Name of publisher, distributor, etc | RAND Corporation |
| Date of publication, distribution, etc | 2013 |
| 650 ## - SUBJECT ADDED ENTRY--TOPICAL TERM | |
| Topical term or geographic name as entry element | Iraq War, 2003-2011; Disengagement (Military science); Postwar reconstruction -- Iraq; United States -- Armed Forces -- Iraq |
| 650 ## - SUBJECT ADDED ENTRY--TOPICAL TERM | |
| Topical term or geographic name as entry element | Political Science |
| 856 ## - ELECTRONIC LOCATION AND ACCESS | |
| Uniform Resource Identifier | <a href="http://www.jstor.org/stable/10.7249/j.ctt5hhwfg">http://www.jstor.org/stable/10.7249/j.ctt5hhwfg</a> |
| Withdrawn status | Lost status | Damaged status | Home library | Current library | Date acquired | Total Checkouts | Full call number | Date last seen | Price effective from | Koha item type |
|---|---|---|---|---|---|---|---|---|---|---|
| College Library | College Library | 12/12/2017 | DS79.76 | 12/12/2017 | 12/12/2017 | Curriculum - Based eBooks |